Código de ética profesional.

Na minha lista:
Detalhes bibliográficos
Autor Corporativo: Colegio de Abogados. Consejo General
Formato: Livro
Idioma:espanhol
Publicado em: Santiago, Chile Colegio de Abogados 1990
Assuntos:
Tags: Adicionar Tag
Sem tags, seja o primeiro a adicionar uma tag!

MARC

LEADER 00000nam a2200000 a 4500
001 UCT8340
003 CL-VaPUC
005 20240612162205.0
008 970326e19900000CL |||||||||||||||||spa|d
999 |c 256849  |d 256847 
040 |c Pontificia Universidad Católica de Valparaíso 
082 0 4 |a 174.3 COL 1990  |2 21 
110 2 |a Colegio de Abogados. Consejo General  |9 380019 
245 1 0 |a Código de ética profesional. 
260 0 3 |a Santiago, Chile  |b Colegio de Abogados  |c 1990 
300 |a 18 páginas. 
583 |a last modification  |c 19970326 00:00:00  |k Rodrigo Vera 
650 0 |a Etica profesional   |9 255694 
650 0 |a Abogados  |9 256284 
650 0 |a Códigos  |9 352314 
650 0 |a Sociedades comerciales   |9 257290 
650 7 |a DERECHO PENAL  |2 CL-VaPUC  |9 11 
650 0 |a Bancos  |9 254963 
650 0 |a Comercio  |9 255341 
650 7 |a CAPITALES  |2 CL-VaPUC  |9 380020 
650 0 |a Delitos  |9 224143 
650 0 |a Gestión administrativa  |9 375217 
650 0 |a Juicios   |9 327339 
942 |c BK  |2 ddc 
945 |d 19970326 00:00:00  |a nastorga 
952 |0 0  |1 0  |2 ddc  |4 0  |6 174_300000000000000_COL_1990  |7 0  |8 A  |9 279886  |a BIBDER  |b BIBDER  |d 2019-11-19  |i 3285189  |o 174.3 COL 1990  |p 3285189  |r 2023-01-25  |t 1  |w 2019-11-19  |y MX  |k DER 
952 |0 0  |1 0  |2 ddc  |4 0  |6 174_300000000000000_COL_1990  |7 0  |8 A  |9 279887  |a BIBDER  |b BIBDER  |d 2019-11-19  |i 3285197  |o 174.3 COL 1990  |p 3285197  |r 2023-01-25  |t 2  |w 2019-11-19  |y BK  |k DER